Piping and pipeline assessment guide / (Record no. 5775)

MARC details
000 -LEADER
fixed length control field 01265nac a22003011u 4500
010 ## - LIBRARY OF CONGRESS CONTROL NUMBER
LC control number 2005027032
020 ## - INTERNATIONAL STANDARD BOOK NUMBER
International Standard Book Number 0750678801 (casebound : alk. paper)
020 ## - INTERNATIONAL STANDARD BOOK NUMBER
International Standard Book Number 9780750678803
035 ## - SYSTEM CONTROL NUMBER
System control number (OCoLC)ocm61757926
082 00 - DEWEY DECIMAL CLASSIFICATION NUMBER
Classification number 621.8672
Item number ESC
090 ## - LOCALLY ASSIGNED LC-TYPE CALL NUMBER (OCLC); LOCAL CALL NUMBER (OCLC)
-- 5775
-- 5775
100 ## - MAIN ENTRY--PERSONAL NAME
Personal name Escoe, A. Keith.
245 10 - TITLE STATEMENT
Title Piping and pipeline assessment guide /
Statement of responsibility, etc A. Keith Escoe.
246 14 - VARYING FORM OF TITLE
Title proper/short title Piping and pipelines assessment guide
260 ## - PUBLICATION, DISTRIBUTION, ETC. (IMPRINT)
Place of publication, distribution, etc Amsterdam ;
-- Boston :
Name of publisher, distributor, etc Elsevier/Gulf Professional Pub.,2006
Date of publication, distribution, etc c2006.
300 ## - PHYSICAL DESCRIPTION
Extent xv, 555 p. :
Other physical details ill. ;
Dimensions 24 cm.
490 0# - Series Statement
Series statement Stationary equipment assessment series ;
Volume/sequential designation v. 1
500 ## - GENERAL NOTE
General note Distributer: Baccah
504 ## - BIBLIOGRAPHY, ETC. NOTE
Bibliography, etc Includes bibliographical references and index.
511 ## - PARTICIPANT OR PERFORMER NOTE
Participant or performer note Catalogued by: Mesameh
650 #0 - SUBJECT ADDED ENTRY--TOPICAL TERM
Topical term or geographic name as entry element Piping
General subdivision Maintenance and repair.
650 #0 - SUBJECT ADDED ENTRY--TOPICAL TERM
Topical term or geographic name as entry element Pipelines
General subdivision Maintenance and repair.
650 #0 - SUBJECT ADDED ENTRY--TOPICAL TERM
Topical term or geographic name as entry element Service life (Engineering)
856 41 - ELECTRONIC LOCATION AND ACCESS
Materials specified Table of contents
Uniform Resource Identifier <a href="http://www.loc.gov/catdir/toc/ecip061/2005027032.html">http://www.loc.gov/catdir/toc/ecip061/2005027032.html</a>
856 41 - ELECTRONIC LOCATION AND ACCESS
Materials specified Publisher description
Uniform Resource Identifier <a href="http://www.loc.gov/catdir/enhancements/fy0702/2005027032-d.html">http://www.loc.gov/catdir/enhancements/fy0702/2005027032-d.html</a>
942 ## - ADDED ENTRY ELEMENTS (KOHA)
Item type Book - Borrowing
Call number prefix 621.8672ESC
Holdings
Withdrawn status Item status Damaged status Not for loan Home library Current library Shelving location Date acquired Source of acquisition Total Checkouts Total Renewals Full call number Barcode Date last seen Date last borrowed Koha item type
        Central Library Central Library First floor 05/11/2007 Purchase 10 31 621.8672ESC 000007500 15/07/2025 09/03/2022 Book - Borrowing